| 000 | 01324nam a22003137a 4500 | ||
|---|---|---|---|
| 005 | 20230904074428.0 | ||
| 008 | 230608b sp |||||||| |||| 00| 0 spa d | ||
| 020 | _a9707190043 (V.2) | ||
| 020 | _a9707190108 (V.4) | ||
| 020 | _a9707190086 (V.6) | ||
| 020 | _a9707190027 (V.8) | ||
| 020 | _a970719006X (V.10) | ||
| 050 | 0 | 4 |
_aPN137 _bV53 1994 |
| 245 | 0 | 0 | _aViajeros del conocimiento. |
| 250 | _a2a ed. | ||
| 260 |
_aMéxico : _bPangea Editores, _c1994. |
||
| 300 |
_aV. : _bil. ; _c21 cm. |
||
| 500 | _aIncluye índice | ||
| 505 | 1 | _tV.2 El arquitecto del cosmos : Johannes Kepler / Rafael Martínez -- V.4 El hombre de la torre inclinada : Galileo Galilei / Irene cruz González Nosnik, Elsa Recillas. -- V.6 El maestro de lo infinitamente pequeño : John Dalton / José Antonio Chamizo. -- V.8 El principe del conocimiento : Georges Louis de Buffon / Ariel Rojo. -- V.10 El renovador involuntario : Nicolás Copernico / Sergio de Régules. | |
| 650 | 7 |
_aLiteratura _2lemb _xFicción |
|
| 700 | 1 |
_aMartínez, Rafael, _eautor |
|
| 700 | 1 |
_aCruz González, Irene, _eautor |
|
| 700 | 1 |
_aNosnik, Abraham, _eautor |
|
| 700 | 1 |
_aRecillas, Elsa, _eautor |
|
| 700 | 1 |
_aChamizo, José antonio, _eautor |
|
| 700 | 1 |
_aRojo, Ariel, _eautor |
|
| 700 | 1 |
_aRégules, Sergio de , _eautor |
|
| 942 |
_2lcc _cLIB |
||
| 999 |
_c59515 _d59515 |
||